LEADER 01018nam0-2200325---450- 001 990009608500403321 005 20120903090538.0 010 $a978-88-565-0223-7 035 $a000960850 035 $aFED01000960850 035 $a(Aleph)000960850FED01 035 $a000960850 100 $a20120720d2010----km-y0itay50------ba 101 1 $aita 102 $aIT 105 $aa-------001yy 200 1 $aDalle carte segrete del Duce$eMomenti e protagonisti dell'Italia fascista nei National archives di Washington$fPeter Tompkins$gtraduzione di Pino Modola e Cesare Salmaggi 210 $aMilano$cIl Saggiatore$d2010 215 $a382 p.$cill.$d19 cm 225 1 $aTascabili$iSaggi$v180 610 0 $aFascismo$aItalia 676 $a945.091$v22$zita 700 1$aTompkins,$bPeter$0500781 801 0$aIT$bUNINA$gREICAT$2UNIMARC 901 $aBK 912 $a990009608500403321 952 $aCollez. 2224 (180)$b49571$fFSPBC 959 $aFSPBC 996 $aDalle carte segrete del Duce$9850143 997 $aUNINA LEADER 01707cam0-22003251i-450- 001 990001664210403321 005 20160420172015.0 035 $a000166421 035 $aFED01000166421 035 $a(Aleph)000166421FED01 035 $a000166421 100 $a20030910g17931797km-y0itay50------ba 101 0 $aita 105 $aa-------001yy 200 1 $aDizionario universale economico rustico, il quale contiene diversi modi di conservare ed aumentare le sue sostanze, cioč molte maniere per allevare, nodrire, propagare, guarire, rendere profittevoli diverse sorti d'animali domestici ... Una infinita di metodi si antichi, che moderni per abbellire giardini, coltivare orti, campi, vigne ... la spiegazione di varie sorti di pescagioni, uccellagioni e caccie ... Tomo primo [-vigesimoquarto] 205 $aSeconda edizione corretta ed aumentata 210 $aRoma$cnella stamperia di Michele Puccinelli$d1793-1797 215 $a24 v.$cill.$d8° 610 0 $aLibri rari$a1700 610 0 $aAgricoltura$aDizionari 620 $aItalia.$dRoma 676 $a094.2$zita 676 $a630.3$zita 801 0$aIT$bUNINA$gRICA$2UNIMARC 901 $aAQ 912 $a990001664210403321 952 $a60 094.2 C 42$fFAGBC 959 $aFAGBC 996 $aDizionario universale economico rustico, il quale contiene diversi modi di conservare ed aumentare le sue sostanze, cioč molte maniere per allevare, nodrire, propagare, guarire, rendere profittevoli diverse sorti d'animali domestici ... Una infinita di metodi si antichi, che moderni per abbellire giardini, coltivare orti, campi, vigne ... la spiegazione di varie sorti di pescagioni, uccellagioni e caccie ... Tomo primo$9373161 997 $aUNINA